000 00415nam a2200133 4500
999 _c356220
_d356220
082 _aMSEE-7 FAR
100 _aFarrukh Pervez
245 _aMemory-based user-centric backhaul-Aware user cell association scheme
260 _aIslamabad
_bNUST-SEECS
_c2017
300 _a70p.
_eCD Includes
942 _2ddc